Skalica mapa mesta

Bibliographic Details
Format: Map
Language:Slovak
German
English
French
Published: Senec Skalica Sinex Mestský úrad 2006
Edition:[1. vyd.]
Subjects:

MARC

LEADER 00000nem a2200000 a 4500
001 vtls008702684
003 SK-MaSNL
005 20260301165519.0
007 aj cazzn
008 060522s2006 xo f zz a 1 z slo
015 |a SNBC2007/01-00202 
020 |a 8089198260 (brož.) 
034 1 |a a  |b 7000 
040 |a SNK  |b slo  |c SNK  |e AACR2 
041 0 |a slo  |a ger  |a eng  |a fre 
043 |a e-xo--- 
044 |a xo  |c SK 
072 7 |a 913(4)  |x Geografia Európy, reálie, cestovanie  |2 konspekt 
080 |a (084.3)  |2 2001 
080 |a 913(437.6)  |2 2001 
080 |a 912.43:911.375  |2 2001 
080 |a 911.375  |2 2001 
080 |a 796.51  |2 2001 
245 0 0 |a Skalica  |h kartografický dokument  |b mapa mesta 
250 |a [1. vyd.] 
255 |a Mierka 1:7 000 
260 |a Senec  |b Sinex  |a Skalica  |b Mestský úrad  |c 2006 
300 |a 1 mapa  |b fareb.  |c 53 x 71 cm, zlož. na 27 x 10 cm 
500 |a Obsahuje fotogr., rekl., vysvetl. 
500 |a Tlačené na oboch stranách listu 
504 |a Obsahuje register ulíc a firiem 
546 |a Na rube slov., nem., angl. a franc. turisticko-vlastivedný text 
651 7 |a Skalica (Slovensko)  |2 SNKPH  |9 25101 
655 7 |a mapy sídiel  |2 SNKPH  |9 72979 
655 7 |a plány miest  |2 SNKPH  |9 70536 
655 7 |a orientačné plány  |2 SNKPH  |9 74276 
655 7 |a skladané mapy  |2 SNKPH  |9 304180 
655 7 |a mapy pre verejnosť  |2 SNKPH  |9 304181 
919 |a 80-89198-26-0 
999 |c 824521  |d 826451 
952 |a SNK  |b SNK  |y PREZ  |7 0  |p 17A0508860  |o snkSLCm 2510  |i snk2006/10225  |8 0  |0 0  |1 0  |4 0  |d 2006-05-22  |l 0  |r 2026-02-24 03:17:10  |w 2026-02-24 
952 |a SNK  |b SNK  |y VYP  |7 0  |p 17A0508859  |o snkSLCm 2510 D1  |i snk2006/10226  |8 0  |0 0  |1 0  |4 0  |d 2006-05-22  |l 0  |r 2026-02-24 03:17:10  |w 2026-02-24